000 01042nam a22003257a 4500
001 BR0401952
003 BR-BrBNA
005 20230928101559.0
007 ta
008 230509b bl.||||| |||| 00| 0 por d
040 _aBR-BrBNA
_bpor
_cBiblioteca Nacional de Agricultura
041 _a(Por)
072 _aF30
_b0120
090 _ 0120 BR0401952
100 1 _aMunhoz, R.E.F.
110 1 _aUniversidade Estadual de Maringá, PR (Brasil)
_0Tese (Mestrado)
_910653
245 1 _aCorrelação entre heterose e diversidade genética obtida por análise dialélica e RAPD em cultivares de milho-pipoca (Zea mays L.)
260 3 _aMaringá, PR (Brasil):
_c2001.
300 _a59 p.
500 _aSummaries (Eng, Por); Bibliography p. 52-59; 15 tables
650 _aMILHO PIPOCA
650 _aVARIEDADE
650 _aVARIAÇÃO GENÉTICA
650 _aVIGOR HÍBRIDO
650 _aCRUZAMENTO DIALÉLICO
650 _aMARCADOR MOLECULAR
650 _aANÁLISE COMPARATIVA
909 _a202309
_bLucia
_c55
_dLucia Elande
942 _cBK
999 _c66538
_d66538